000 00544nam a22001577a 4500
999 _c63825
_d63825
003 Ge_BSU
005 20260128203848.0
008 260128s1987 ge ||||| |||| 00| 0 geo d
041 _ageo
080 _a338(73) ა-57
245 _aამერიკის ეკონომიკა :
_bზოგადი საფუძვლების მიმოხილვა.
264 _c1987.
300 _a213 გვ. :
_bილ. ;
_c20 სმ.
653 _aამერიკის ეკონომიკა
942 _2udc
_cᲬᲘᲒᲜᲘ